| 000 | 00327nam a2200121Ia 4500 | ||
|---|---|---|---|
| 008 | 220204s9999 xx 000 0 und d | ||
| 082 |
_a632 _bGOP |
||
| 100 | _aGOPALAKRISHNAN NAIR, M R | ||
| 245 | 0 | _aAgricultural pest | |
| 260 |
_aThiruvananthapuram _bState Inst of Languages _c1971 |
||
| 650 | _aAgricultural pest | ||
| 942 | _cBK | ||
| 999 |
_c22820 _d22820 |
||